[Event "Paris Apsap op 39th"]
[Site "Paris"]
[Date "2003.02.16"]
[Round "7"]
[White "Rollier, Eric"]
[Black "Deberdt, Benoit"]
[Result "1/2-1/2"]
[WhiteElo "1640"]
[BlackElo "1890"]
[PlyCount "86"]
[EventDate "2003.02.23"]
[EventType "swiss"]
[EventRounds "7"]
[EventCountry "FRA"]
[SourceTitle "EXT 2004"]
[Source "ChessBase"]
[SourceDate "2003.11.25"]
[SourceVersion "1"]
[SourceVersionDate "2003.11.25"]
[SourceQuality "1"]

1. e4 c5 2. Nf3 Nc6 3. c3 d6 4. h3 Nf6 5. d3 g6 6. Be3 Bg7 7. Be2 0-0 8. Qd2 Re8 9. Na3 a6 10. Nc2 b6 11. Bh6 Bh8 12. Ne3 Bb7 13. g4 d5 14. e5 d4 15. Nf5 Nd5 16. c4 Nc7 17. Rg1 Nxe5 18. Nxe5 Bxe5 19. h4 e6 20. h5 Bh2 21. 0-0-0 Bxg1 22. Rxg1 Qd7 23. Qg5 Qd8 24. Qd2 Bc8 25. hxg6 fxg6 26. Bg5 Qd7 27. Qf4 exf5 28. gxf5 Rf8 29. f6 Ne6 30. Qe4 Bb7 31. Qg4 Rad8 32. Bh6 Rxf6 33. Qh4 Qf7 34. Bg4 Ng7 35. Bg5 Rdd6 36. Qg3 Rd8 37. Bxf6 Qxf6 38. Qc7 Bc6 39. Qxb6 Qf4+ 40. Kb1 Rb8 41. Qxc6 Qxf2 42. Qd5+ Kh8 43. Rg2 Rxb2+ 1/2-1/2